| 000 | 01026nac a22003137a 4500 | ||
|---|---|---|---|
| 001 | BR7600917 | ||
| 003 | BR-BrBNA | ||
| 005 | 20240105113918.0 | ||
| 008 | 230509b bl.|||m| |||| 00| 0 por d | ||
| 040 |
_aBR-BrBNA _bpor _cBiblioteca Nacional de Agricultura |
||
| 072 | _aE15; L00 | ||
| 090 | _a9410 BR7600917 | ||
| 100 | 1 | _aNoronha, H.F. de | |
| 100 | 1 | _aSilva, J.L. e | |
| 100 | 1 | _aOliveira, E.B. de | |
| 100 | 1 | _aBarbosa, T. | |
| 110 | 1 | _aUniversidade Federal de Vicosa, MG (Brasil) | |
| 245 | 1 |
_aAnalise economica do uso dos recursos na producao de leite no Vale do Paraiba, no ano agricola 1972/1973 [custo de producao, Sao Paulo, Brasil] _bParte de tese |
|
| 260 | 3 |
_aVicosa, MG (Brasil): _c1975. |
|
| 300 | _a23 p. | ||
| 490 |
_aExperientiae (Brazil) _vv. 20(11) _x |
||
| 500 | _a9 tables; Summary (En); 11 ref. | ||
| 650 | _aLEITE | ||
| 650 | _aPRODUCAO LEITEIRA | ||
| 650 | _aCUSTO DE PRODUCAO | ||
| 650 | _aSAO PAULO | ||
| 909 |
_a202312 _bLúcia Elande _c55 _dLúcia Elande |
||
| 942 |
_2AGRIS _n0 _cMS |
||
| 999 |
_c266302 _d266302 |
||